000
00314 a2200157 4500
001
161302
020
_a
85-250-0907-5
040
_c
Magnum
240
1
0
_a
A bela e a fera
_l
por
245
1
0
_a
A bela e a fera
300
_a
24
362
0
_a
1995
440
1
_a
Globo
697
_a
LITERATURA INFANTO
942
_c
BK
999
_c
161302
_d
161302